| 000 | 00482nam a2200181 a 4500 | ||
|---|---|---|---|
| 005 | 20140310183143.0 | ||
| 008 | 020823s19uu xx 00 eng d | ||
| 050 |
_aT 353 _b.F893 2001 |
||
| 100 | _aFrey, David | ||
| 245 |
_aAutocad 2002 : _bno experience required / _cDavid Frey. |
||
| 300 |
_a668 p. : _bcol. ill. ; _c23 cm. |
||
| 521 | _aIT | ||
| 546 | _aC0411 | ||
| 650 | _aAutocad | ||
| 650 | _aComputer graphics | ||
| 650 | _aComputer aided design | ||
| 942 |
_cBK _2lcc _kFOR |
||
| 999 |
_c19461 _d19461 |
||